000 00768nam a2200229Ii 4500
003 JO-AjNU
008 230605s9999||||xx |||||||||||||| ||und||
017 _a1982-2769
020 _a977-7325-47-9
040 _aJO-AjNU
_bara
_erda
_cJO-AjNU
041 _aara
050 1 4 _aLB2805.M87 1988
100 3 _aمرسي، محمد منير,
_eauthor
_947494
245 0 0 _aالإدارة التعليمية:أصولها وتطبيقاتها
250 _aد.ط طبعة مزيدة ومنقحة
264 3 1 _aالقاهرة:عالم الكتب،1988
300 _a400ص
336 _atext
_btxt
_2rdacontent
337 _aunmediated
_bn
_2rdamedia
338 _avolume
_bnc
_2rdacarrier
650 4 _aالإدارة التعليمية-المدارس-إدارة
_947495
999 _aA20737
_c24305
_d24305